DISCRETE MATHEMATICS WITH GRAPH THEORY (Record no. 23140)
[ view plain ]
| 000 -LEADER | |
|---|---|
| fixed length control field | 00316nam a22001337a 4500 |
| 008 - FIXED-LENGTH DATA ELEMENTS--GENERAL INFORMATION | |
| fixed length control field | 150522b xxu||||| |||| 00| 0 eng d |
| 020 ## - INTERNATIONAL STANDARD BOOK NUMBER | |
| International Standard Book Number | 8120321219 |
| 082 ## - DEWEY DECIMAL CLASSIFICATION NUMBER | |
| Classification number | GOO |
| 100 ## - MAIN ENTRY--PERSONAL NAME | |
| Personal name | GOODAIRE, EDGAR G. |
| 245 ## - TITLE STATEMENT | |
| Title | DISCRETE MATHEMATICS WITH GRAPH THEORY |
| 250 ## - EDITION STATEMENT | |
| Edition statement | 2ND Ed. |
| 260 ## - PUBLICATION, DISTRIBUTION, ETC. | |
| Place of publication, distribution, etc. | INDIA |
| Name of publisher, distributor, etc. | PHI |
| Date of publication, distribution, etc. | 2003 |
| 942 ## - ADDED ENTRY ELEMENTS (KOHA) | |
| Koha item type | Book |
| Withdrawn status | Lost status | Damaged status | Not for loan | Permanent Location | Current Location | Shelving location | Date acquired | Full call number | Barcode | Date last seen | Price effective from | Koha item type |
|---|---|---|---|---|---|---|---|---|---|---|---|---|
| NUST Baluchistan Campus (NBC) | NUST Baluchistan Campus (NBC) | General Stacks | 03/01/2013 | 510.5GOO | RCMS000041 | 03/01/2013 | 01/05/2017 | Book |
